The Tamil concept of love. (Record no. 55210)

MARC details
000 -LEADER
fixed length control field 00830cam a22002531 4500
001 - CONTROL NUMBER
control field sa 63003627
003 - CONTROL NUMBER IDENTIFIER
control field DLC
005 - DATE AND TIME OF LATEST TRANSACTION
control field 20260227111943.0
008 - FIXED-LENGTH DATA ELEMENTS--GENERAL INFORMATION
fixed length control field 841116s1962 ii b 000 0 eng
010 ## - LIBRARY OF CONGRESS CONTROL NUMBER
LC control number sa 63003627
035 ## - SYSTEM CONTROL NUMBER
System control number (OCoLC)11393739
040 ## - CATALOGING SOURCE
Original cataloging agency DLC
Transcribing agency PLF
Modifying agency OCoLC
-- DLC
042 ## - AUTHENTICATION CODE
Authentication code premarc
050 00 - LIBRARY OF CONGRESS CALL NUMBER
Classification number PL4758.2
Item number .M3
100 1# - MAIN ENTRY--PERSONAL NAME
Personal name Manickam, Valliappa Subramaniam,
Dates associated with a name 1917-
245 14 - TITLE STATEMENT
Title The Tamil concept of love.
250 ## - EDITION STATEMENT
Edition statement [1st ed.]
260 ## - PUBLICATION, DISTRIBUTION, ETC.
Place of publication, distribution, etc. Madras,
Name of publisher, distributor, etc. South India Saiva Siddhanta Works Pub. Society,
Date of publication, distribution, etc. 1962.
300 ## - PHYSICAL DESCRIPTION
Extent xii, 339 p.
Dimensions 20 cm.
502 ## - DISSERTATION NOTE
Dissertation note "Thesis ('Love in Sangam poetry') submitted [to the University of Madras] by me for the Ph. D. degree in 1956."
504 ## - BIBLIOGRAPHY, ETC. NOTE
Bibliography, etc. note Bibliography: p. [x]-xii.
650 #0 - SUBJECT ADDED ENTRY--TOPICAL TERM
Topical term or geographic name entry element Love in literature.
650 #0 - SUBJECT ADDED ENTRY--TOPICAL TERM
Topical term or geographic name entry element Tamil poetry
General subdivision History and criticism.

No items available.

Powered by Koha